000 00326nam a2200133Ia 4500
005 20251222143135.0
008 251222s9999||||xx |||||||||||||| ||spa||
020 _a84-404-2899-5
082 _a260.8/C17
100 _aCalvo Otero, J.
245 0 _aEspiritualidad y Presbiterio
264 _bAteneo de TeologĂ­a
942 _cLIB
999 _c12081
_d12081